[Event "Dortmund"]
[Site "?"]
[Date "1996.??.??"]
[Round "?"]
[White "Topalov, Veselin"]
[Black "Kramnik, Vladimir"]
[Result "1/2-1/2"]
[WhiteElo "2750"]
[BlackElo "2765"]
[PlyCount "58"]
[EventDate "1996.??.??"]
[Source "ChessBase"]
[SourceDate "1996.06.01"]

1. d4 d5 2. Nf3 Nf6 3. c4 c6 4. Nc3 e6 5. Bg5 dxc4 6. e4 b5 7. e5 h6 8. Bh4 g5 9. Nxg5 hxg5 10. Bxg5 Nbd7 11. g3 Bb7 12. exf6 c5 13. d5 Qb6 14. Bg2 b4 15. O-O O-O-O 16. Rb1 Qa6 17. dxe6 Bxg2 18. e7 Bxf1 19. Qd5 Bxe7 20. fxe7 Bd3 21. Ne4 Bxb1 22. Nd6+ Kc7 23. Bf4 Kb6 24. Nxc4+ Kb5 25. Nd6+ Kb6 26. exd8=B+ Rxd8 27. Nc4+ Kb5 28. Nd6+ Kb6 29. Nc4+ Kb5 1/2-1/2

[Event "Dos Herman s"]
[Site "?"]
[Date "1996.??.??"]
[Round "?"]
[White "Kamsky, Gata"]
[Black "Kramnik, Vladimir"]
[Result "1/2-1/2"]
[WhiteElo "2735"]
[BlackElo "2775"]
[PlyCount "79"]
[EventDate "1996.??.??"]
[Source "www.chesslib.no"]
[SourceDate "2004.05.04"]

1. d4 d5 2. c4 c6 3. Nc3 Nf6 4. Nf3 e6 5. Bg5 dxc4 6. e4 b5 7. e5 h6 8. Bh4 g5 9. Nxg5 hxg5 10. Bxg5 Nbd7 11. exf6 Bb7 12. g3 c5 13. d5 Qb6 14. Bg2 O-O-O 15. O-O b4 16. Rb1 Qa6 17. dxe6 Bxg2 18. e7 Bxf1 19. Kxf1 Bxe7 20. fxe7 Rdg8 21. Ne4 Qc6 22. Nd6+ Kb8 23. Bf4 Rxh2 24. Ke2 Ka8 25. Qc2 Nb6 26. Qf5 Nc8 27. e8=Q Rxe8+ 28. Nxe8 Qxe8+ 29. Be3 Nb6 30. Rd1 Kb7 31. Qxc5 Qa4 32. Rd2 c3 33. bxc3 bxc3 34. Rd4 Qxa2+ 35. Kf3 c2 36. Rd2 Rh8 37. Qe7+ Nd7 38. Rd3 c1=Q 39. Qa3 a5 40. Qb2+ 1/2-1/2

[Event "Novgorod"]
[Site "?"]
[Date "1994.??.??"]
[Round "?"]
[White "Ivanchuk, V."]
[Black "Shirov, A."]
[Result "1-0"]
[WhiteElo "2695"]
[BlackElo "2740"]
[PlyCount "93"]
[EventDate "1994.??.??"]
[Source "ChessBase"]
[SourceDate "1994.06.01"]

1. d4 d5 2. c4 c6 3. Nc3 Nf6 4. Nf3 e6 5. Bg5 dxc4 6. e4 b5 7. e5 h6 8. Bh4 g5 9. Nxg5 hxg5 10. Bxg5 Nbd7 11. exf6 Bb7 12. g3 c5 13. d5 Qb6 14. Bg2 O-O-O 15. O-O b4 16. Na4 Qa6 17. a3 Bxd5 18. Bxd5 Ne5 19. axb4 Rxd5 20. Qe2 cxb4 21. Nc3 Qc6 22. Nxd5 Qxd5 23. f3 Bc5+ 24. Kg2 Nd3 25. h4 Kb7 26. Ra5 Qd4 27. b3 Bb6 28. Ra2 c3 29. Rd1 Rd8 30. h5 a5 31. g4 Nf4+ 32. Bxf4 Qxd1 33. Qxd1 Rxd1 34. h6 Ka6 35. g5 Rd8 36. Kf1 Bd4 37. Ke2 e5 38. Be3 Kb5 39. h7 Rh8 40. Bxd4 exd4 41. g6 fxg6 42. f7 Kc6 43. Kd3 Kd7 44. Re2 a4 45. Re8 axb3 46. Rxh8 b2 47. Rd8+ 1-0

[Event "Thessaloniki (ol)"]
[Site "?"]
[Date "1988.??.??"]
[Round "?"]
[White "Karpov, An"]
[Black "Ribli, Z."]
[Result "1/2-1/2"]
[WhiteElo "2725"]
[BlackElo "2630"]
[PlyCount "77"]
[EventDate "1988.??.??"]
[Source "ChessBase"]
[SourceDate "1988.07.01"]

1. d4 d5 2. c4 c6 3. Nf3 Nf6 4. Nc3 e6 5. Bg5 dxc4 6. e4 b5 7. e5 h6 8. Bh4 g5 9. Nxg5 hxg5 10. Bxg5 Nbd7 11. exf6 Bb7 12. g3 c5 13. d5 Bh6 14. Bxh6 Rxh6 15. Qd2 Rxf6 16. Bg2 Ne5 17. O-O Nf3+ 18. Bxf3 Rxf3 19. Qe2 Bxd5 20. Rfd1 Rd3 21. Rxd3 cxd3 22. Qxd3 Bc6 23. Qe2 b4 24. Rd1 Qe7 25. Ne4 Rd8 26. Rc1 Bxe4 27. Qxe4 Rd5 28. h4 Qd6 29. Kg2 Kf8 30. Qe3 a5 31. b3 Re5 32. Qf3 Rf5 33. Qe2 Re5 34. Qc4 a4 35. bxa4 Qc6+ 36. Kh3 Qxa4 37. Qf4 Rd5 38. Rxc5 Rxc5 39. Qd6+ 1/2-1/2

[Event "Madrid"]
[Site "?"]
[Date "1996.??.??"]
[Round "?"]
[White "Azmaiparashvili, Z."]
[Black "Shirov, A."]
[Result "1/2-1/2"]
[WhiteElo "2660"]
[BlackElo "2690"]
[PlyCount "83"]
[EventDate "1996.??.??"]
[Source "ChessBase"]
[SourceDate "1996.02.01"]

1. Nf3 d5 2. d4 Nf6 3. c4 c6 4. Nc3 e6 5. Bg5 dxc4 6. e4 b5 7. e5 h6 8. Bh4 g5 9. Nxg5 hxg5 10. Bxg5 Nbd7 11. g3 Bb7 12. Bg2 Qb6 13. exf6 c5 14. d5 O-O-O 15. O-O b4 16. Rb1 Qa6 17. dxe6 Bxg2 18. e7 Bxf1 19. Qd5 Bh6 20. Bxh6 Bd3 21. Qa8+ Nb8 22. exd8=Q+ Rxd8 23. Re1 bxc3 24. Bf4 Qb6 25. bxc3 Bf5 26. h4 Qb7 27. Qxb7+ Kxb7 28. Re7+ Rd7 29. Bxb8 Kxb8 30. Rxd7 Bxd7 31. Kg2 Kc7 32. Kf3 Kd6 33. Kf4 Bc6 34. Kg5 Bf3 35. Kf5 Kd5 36. g4 Kd6 37. h5 Kd5 38. Kf4 Bd1 39. Kg5 Bf3 40. Kf4 Bd1 41. Kg5 Bf3 42. Kf4 1/2-1/2

[Event "Cm ( f )"]
[Site "Cm ( f )"]
[Date "1984.??.??"]
[Round "5"]
[White "Kasparov, Gary"]
[Black "Smyslov, Vassily V"]
[Result "1/2-1/2"]
[WhiteElo "2710"]
[BlackElo "2600"]
[PlyCount "72"]
[EventDate "1984.??.??"]
[Source "www.chesslib.no"]
[SourceDate "2004.05.04"]

1. d4 d5 2. Nf3 Nf6 3. c4 c6 4. Nc3 e6 5. Bg5 dxc4 6. e4 b5 7. e5 h6 8. Bh4 g5 9. Nxg5 hxg5 10. Bxg5 Be7 11. exf6 Bxf6 12. Bxf6 Qxf6 13. g3 Na6 14. Bg2 Bb7 15. Ne4 Qe7 16. O-O O-O-O 17. a4 Kb8 18. Qd2 b4 19. Rac1 e5 20. Rxc4 f5 21. Ng5 c5 22. Bxb7 Qxb7 23. Qe3 exd4 24. Qe5+ Ka8 25. Ne6 Qh7 26. h4 Rhe8 27. Qe2 Rd6 28. Qf3+ Qb7 29. Qxb7+ Kxb7 30. Nxc5+ Nxc5 31. Rxc5 d3 32. Rd1 Re2 33. Rb5+ Kc6 34. Rxb4 d2 35. Kf1 Rde6 36. Kg1 Rd6 1/2-1/2

[Event "Moscow RUS"]
[Site "Moscow RUS"]
[Date "1983.??.??"]
[Round "?"]
[White "Kasparov, Gary"]
[Black "Tal, Mikhail N"]
[Result "1/2-1/2"]
[WhiteElo "2690"]
[BlackElo "2620"]
[PlyCount "80"]
[EventDate "1983.??.??"]
[Source "www.chesslib.no"]
[SourceDate "2004.05.04"]

1. d4 Nf6 2. c4 e6 3. Nf3 d5 4. Nc3 c6 5. Bg5 dxc4 6. e4 b5 7. e5 h6 8. Bh4 g5 9. Nxg5 hxg5 10. Bxg5 Nbd7 11. exf6 Bb7 12. g3 c5 13. d5 Qb6 14. Bg2 O-O-O 15. O-O b4 16. Na4 Qb5 17. a3 Nb8 18. axb4 cxb4 19. Be3 Bxd5 20. Bxd5 Rxd5 21. Qe2 Nc6 22. Rfc1 Ne5 23. b3 c3 24. Nxc3 bxc3 25. Rxc3+ Kb8 26. Qc2 Bd6 27. Bxa7+ Kb7 28. b4 Nc6 29. Be3 Be5 30. Rxc6 Bxa1 31. Rc7+ Ka8 32. Bc5 Kb8 33. Rxf7 Be5 34. Ba7+ Ka8 35. Be3 Rd7 36. Qa2+ Kb8 37. Ba7+ Kc8 38. Qxe6 Qd5 39. Qa6+ Qb7 40. Qc4+ Qc7 1/2-1/2

[Event "DSU"]
[Site "?"]
[Date "1998.03.01"]
[Round "?"]
[White "Tanggaard Hans"]
[Black "Elwert Hans-Marcus (GER)"]
[Result "0-1"]
[WhiteElo "2597"]
[BlackElo "2681"]
[PlyCount "104"]
[EventDate "1998.??.??"]
[Source "www.chesslib.no"]
[SourceDate "2004.05.04"]

1. d4 d5 2. c4 e6 3. Nc3 c6 4. Nf3 Nf6 5. Bg5 dxc4 6. e4 b5 7. e5 h6 8. Bh4 g5 9. Nxg5 hxg5 10. Bxg5 Be7 11. exf6 Bxf6 12. Be3 Bb7 13. a4 a6 14. Ne4 c5 15. Nxf6+ Qxf6 16. axb5 axb5 17. Rxa8 Bxa8 18. b3 Rh4 19. dxc5 Qc3+ 20. Bd2 Qe5+ 21. Be3 Nd7 22. bxc4 bxc4 23. Qa4 Qe4 24. Qa3 Qb1+ 25. Qc1 Qb4+ 26. Bd2 Qb3 27. Bc3 Re4+ 28. Kd2 Nxc5 29. Qb2 Qa4 30. Be2 Bb7 31. f3 Qd7+ 32. Kc1 Na4 33. Qc2 Rxe2 34. Qxe2 Nxc3 35. Qxc4 Nd5 36. Rd1 Qd6 37. Rd3 Ba6 38. Qa4+ Ke7 39. Qh4+ f6 40. Qh7+ Kd8 41. Qg8+ Kc7 42. Qf7+ Kb6 43. Rb3+ Bb5 44. Qg6 Qxh2 45. Qd3 Qg1+ 46. Kb2 Qc5 47. f4 Kc6 48. Qd2 Bc4 49. Rb8 Qa7 50. Rc8+ Kb5 51. Kb1 Nb4 52. Rd8 Bd3+ 0-1

[Event "Deutschland"]
[Site "?"]
[Date "1993.??.??"]
[Round "?"]
[White "Lobron, E."]
[Black "Shirov, A."]
[Result "0-1"]
[WhiteElo "2575"]
[BlackElo "2685"]
[PlyCount "82"]
[EventDate "1993.??.??"]
[Source "ChessBase"]
[SourceDate "1993.10.01"]

1. d4 d5 2. c4 c6 3. Nc3 Nf6 4. Nf3 e6 5. Bg5 dxc4 6. e4 b5 7. e5 h6 8. Bh4 g5 9. Nxg5 hxg5 10. Bxg5 Nbd7 11. g3 Rg8 12. h4 Rxg5 13. hxg5 Nd5 14. g6 fxg6 15. Qg4 Qe7 16. Qxg6+ Qf7 17. Qxf7+ Kxf7 18. Ne4 Bb4+ 19. Ke2 c3 20. bxc3 Nxc3+ 21. Nxc3 Bxc3 22. Rd1 b4 23. Bg2 Ba6+ 24. Ke3 Rg8 25. Bxc6 Nb6 26. Rh6 Bc4 27. Rdh1 Nd5+ 28. Ke4 Bxa2 29. Bd7 Nc7 30. Rf6+ Ke7 31. Bc6 b3 32. d5 exd5+ 33. Bxd5 Nxd5 34. Ra6 Nc7 35. Rxa7 Kd8 36. f4 Rxg3 37. Rh8+ Ne8 38. Ra8+ Kd7 39. Rhxe8 b2 40. Red8+ Ke7 41. Re8+ Kf7 0-1

[Event "Tilburg"]
[Site "?"]
[Date "1993.??.??"]
[Round "?"]
[White "Vladimirov, E."]
[Black "Bareev, E."]
[Result "0-1"]
[WhiteElo "2585"]
[BlackElo "2660"]
[PlyCount "56"]
[EventDate "1993.??.??"]
[Source "ChessBase"]
[SourceDate "1993.10.01"]

1. d4 d5 2. c4 c6 3. Nf3 Nf6 4. Nc3 e6 5. Bg5 dxc4 6. e4 b5 7. e5 h6 8. Bh4 g5 9. Nxg5 hxg5 10. Bxg5 Nbd7 11. exf6 Bb7 12. g3 c5 13. d5 Bh6 14. Bxh6 Rxh6 15. Qd2 Qxf6 16. O-O-O Kf8 17. f4 Nb6 18. Ne4 Qg7 19. Bg2 Bxd5 20. Nc3 b4 21. Nxd5 exd5 22. Qf2 Rc8 23. Bxd5 c3 24. b3 c4 25. Bxc4 Nxc4 26. bxc4 b3 27. Qd4 Qxd4 28. Rxd4 Ra6 0-1

[Event "TCh-GRE"]
[Site "Aghia Pelagia"]
[Date "2004.07.06"]
[Round "3"]
[White "Gelashvili, Tamaz"]
[Black "Graf, Alexander"]
[Result "1/2-1/2"]
[WhiteElo "2573"]
[BlackElo "2661"]
[PlyCount "90"]
[EventDate "2004.07.04"]
[Source "Roberto Alvarez"]
[SourceDate "2004.07.12"]

1. d4 Nf6 2. c4 e6 3. Nf3 d5 4. Nc3 c6 5. Bg5 dxc4 6. e4 b5 7. a4 Qb6 8. Bxf6 gxf6 9. Be2 Bb7 10. O-O Nd7 11. d5 a6 12. Nd4 Rd8 13. Nxe6 Rc8 14. dxc6 Bxc6 15. Nd4 Bc5 16. Nxc6 Qxc6 17. axb5 axb5 18. Bg4 Rd8 19. Bxd7+ Rxd7 20. Nd5 Kf8 21. Qh5 h6 22. Nxf6 Rd2 23. e5 Be7 24. Qf5 Bxf6 25. exf6 Rd6 26. Qc5 Kg8 27. Ra8+ Qxa8 28. Qxd6 Kh7 29. Qd7 Kg6 30. Qxb5 Qb8 31. Qxc4 Qxb2 32. Qe4+ Kxf6 33. Rb1 Qc3 34. h3 Kg7 35. Rd1 Qf6 36. Rd3 Rf8 37. Rf3 Qd6 38. Qf5 Qd1+ 39. Kh2 Qd6+ 40. Rg3+ Kh8 41. f4 Qd4 42. Rg4 Qd6 43. Kg3 Qe7 44. Kh2 Qd6 45. Kg3 Qd4 1/2-1/2

[Event "Neum"]
[Site "?"]
[Date "2000.??.??"]
[Round "?"]
[White "Georgiev, Ki"]
[Black "Chernin, A."]
[Result "1-0"]
[WhiteElo "2660"]
[BlackElo "2570"]
[PlyCount "105"]
[EventDate "2000.??.??"]
[Source "Chess Informant"]
[SourceDate "2000.06.01"]

1. d4 d5 2. c4 c6 3. Nf3 Nf6 4. Nc3 e6 5. Bg5 dxc4 6. e4 b5 7. e5 h6 8. Bh4 g5 9. Nxg5 hxg5 10. Bxg5 Nbd7 11. g3 Bb7 12. Bg2 Qb6 13. exf6 c5 14. d5 O-O-O 15. O-O b4 16. Na4 Qa6 17. a3 Bxd5 18. Bxd5 Ne5 19. axb4 Rxd5 20. Qe2 cxb4 21. Nc3 Ra5 22. Rxa5 Qxa5 23. Ne4 Nd3 24. Be3 Kb7 25. Ng5 Qd5 26. Nxf7 Rg8 27. f4 a5 28. Ne5 Nxe5 29. fxe5 Qxe5 30. f7 Rh8 31. Rf4 c3 32. bxc3 bxc3 33. Qd3 Rh5 34. Rc4 Qb5 35. Qxc3 Qb1+ 36. Kg2 Qa2+ 37. Kf3 Rf5+ 38. Bf4 Qa3 39. Rc7+ Kb6 40. Rc6+ Kb5 41. Qxa3 Bxa3 42. Rxe6 Rxf7 43. Ke4 Bb4 44. g4 a4 45. g5 a3 46. Be5 Rf1 47. g6 Re1+ 48. Kf5 Rf1+ 49. Kg4 Bf8 50. Re8 a2 51. Ra8 Re1 52. Bc3 Rg1+ 53. Kh5 1-0

[Event "Elista (m/2) 72/(388)"]
[Site "?"]
[Date "1998.??.??"]
[Round "?"]
[White "Khalifman, Alexander"]
[Black "Galkin, Alexander"]
[Result "1-0"]
[WhiteElo "2660"]
[BlackElo "2565"]
[PlyCount "49"]
[EventDate "1998.??.??"]
[Source "ChessBase"]
[SourceDate "1998.02.01"]

1. d4 d5 2. c4 c6 3. Nf3 Nf6 4. Nc3 e6 5. Bg5 dxc4 6. e4 b5 7. e5 h6 8. Bh4 g5 9. Nxg5 hxg5 10. Bxg5 Nbd7 11. exf6 Bb7 12. g3 c5 13. d5 Qb6 14. Bg2 O-O-O 15. O-O b4 16. Rb1 Bh6 17. Bxh6 Rxh6 18. b3 bxc3 19. bxc4 Qa6 20. Rxb7 Qxb7 21. dxe6 Qb2 22. e7 Re8 23. Bc6 Qd2 24. Qb3 Qb2 25. Bxd7+ 1-0

[Event "Saint Petersburg RUS"]
[Site "?"]
[Date "2006.06.13"]
[Round "11"]
[White "Alekseev Evgeny"]
[Black "Yevseev Denis"]
[Result "1-0"]
[WhiteElo "2640"]
[BlackElo "2580"]
[PlyCount "103"]
[EventDate "2006.??.??"]
[Source "www.chesslib.no"]
[SourceDate "2004.05.04"]

1. d4 d5 2. c4 c6 3. Nf3 Nf6 4. Nc3 e6 5. Bg5 dxc4 6. e4 b5 7. e5 h6 8. Bh4 g5 9. Nxg5 hxg5 10. Bxg5 Nbd7 11. exf6 Bb7 12. g3 c5 13. d5 Qc7 14. Bg2 b4 15. d6 Qb6 16. Ne4 O-O-O 17. O-O Bd5 18. f4 Bxd6 19. Rc1 Bc7 20. Qe2 Qa5 21. a3 b3 22. h4 Nb6 23. g4 Bb7 24. h5 Rd4 25. Bh4 Rhd8 26. Be1 Qb5 27. Bc3 Rd3 28. Be5 Na4 29. g5 a6 30. Rf2 Bxe5 31. fxe5 Bxe4 32. Bxe4 Rg3+ 33. Rg2 c3 34. Qxb5 Rxg2+ 35. Kxg2 axb5 36. Rxc3 Nxc3 37. bxc3 Rh8 38. h6 Kc7 39. Kf2 Kb6 40. Ke3 Rd8 41. h7 Ka5 42. Kf4 Ka4 43. g6 fxg6 44. Kg5 Kxa3 45. f7 c4 46. Kf6 b4 47. Ke7 Rb8 48. f8=Q Rxf8 49. Kxf8 bxc3 50. h8=Q c2 51. Qh1 Kb2 52. Qg2 1-0

[Event "Leningrad"]
[Site "Leningrad"]
[Date "1987.??.??"]
[Round "?"]
[White "Jussupow, Artur"]
[Black "Tukmakov, Vladimir B"]
[Result "1/2-1/2"]
[WhiteElo "2645"]
[BlackElo "2575"]
[PlyCount "81"]
[EventDate "1987.05.??"]
[Source "ChessBase"]

1. d4 Nf6 2. c4 e6 3. Nf3 d5 4. Nc3 c6 5. Bg5 dxc4 6. e4 b5 7. e5 h6 8. Bh4 g5 9. Nxg5 hxg5 10. Bxg5 Nbd7 11. exf6 Bb7 12. g3 c5 13. d5 Qb6 14. Bg2 O-O-O 15. O-O b4 16. Na4 Qb5 17. a3 Nb8 18. axb4 cxb4 19. Qg4 Bxd5 20. Rfc1 Nc6 21. Bxd5 Rxd5 22. Rxc4 Rxg5 23. Qd4 Kb8 24. Rxc6 Rxg3+ 25. fxg3 Qxc6 26. Rd1 Bh6 27. Nc5 Ka8 28. Qe4 Qxe4 29. Nxe4 a5 30. Ra1 Be3+ 31. Kg2 Rh5 32. g4 Rd5 33. b3 Kb7 34. h4 Kb6 35. Re1 Bf4 36. Kf3 Be5 37. g5 a4 38. bxa4 b3 39. g6 fxg6 40. Rb1 b2 41. f7 1/2-1/2

[Event "SWE-chT 9899"]
[Site "Sweden"]
[Date "1999.??.??"]
[Round "10"]
[White "Cramling, Pia"]
[Black "Ivanov, Sergey"]
[Result "1/2-1/2"]
[WhiteElo "2630"]
[BlackElo "2589"]
[PlyCount "105"]
[EventDate "1998.??.??"]
[Source "www.chesslib.no"]
[SourceDate "2004.05.04"]

1. d4 d5 2. c4 e6 3. Nf3 Nf6 4. Nc3 c6 5. Bg5 dxc4 6. e4 b5 7. e5 h6 8. Bh4 g5 9. exf6 gxh4 10. Ne5 Qxf6 11. a4 c5 12. Be2 cxd4 13. Qxd4 Bb7 14. axb5 Bg7 15. f4 O-O 16. O-O a6 17. Bf3 Rd8 18. Qe3 Qe7 19. Bh5 Rf8 20. Rad1 axb5 21. Nxb5 Bd5 22. Nc3 Ra5 23. Rf2 Nc6 24. Qb6 Bxe5 25. fxe5 Qc5 26. Qxc5 Rxc5 27. Rfd2 Rd8 28. Re2 Kg7 29. Rf1 Rd7 30. Rf4 Rb7 31. Rxh4 Ne7 32. Rg4+ Ng6 33. Rf2 Bc6 34. Bxg6 fxg6 35. Re2 Rf7 36. Rd4 Rf5 37. Rd6 Kf7 38. Rf2 Ke7 39. Re2 Be8 40. Rd4 Bc6 41. h4 g5 42. hxg5 Rxg5 43. Kh2 h5 44. Rf4 Ba8 45. Kh3 Rc8 46. Nb5 Rcg8 47. Rxc4 Rxg2 48. Rxg2 Bxg2+ 49. Kh4 Rb8 50. Nd4 Kd7 51. Kxh5 Rxb2 52. Rc2 Rb4 53. Rxg2 1/2-1/2

[Event "It (Open) Ledyard USA"]
[Site "?"]
[Date "2006.04.13"]
[Round "3"]
[White "Margvelashvili Giorgi"]
[Black "Ehlvest Jaan"]
[Result "0-1"]
[WhiteElo "2541"]
[BlackElo "2676"]
[PlyCount "106"]
[EventDate "2006.??.??"]
[Source "www.chesslib.no"]
[SourceDate "2004.05.04"]

1. d4 d5 2. c4 e6 3. Nf3 Nf6 4. Nc3 c6 5. Bg5 dxc4 6. e4 b5 7. e5 h6 8. Bh4 g5 9. Nxg5 hxg5 10. Bxg5 Nbd7 11. g3 Rg8 12. Bxf6 Nxf6 13. exf6 Qxf6 14. Bg2 Bb7 15. Nxb5 cxb5 16. Bxb7 Bb4+ 17. Kf1 Rd8 18. Qf3 Qxf3 19. Bxf3 Rxd4 20. Kg2 Ke7 21. a4 bxa4 22. Rxa4 a5 23. Rc1 Rgd8 24. Ra2 f5 25. Be2 Rd2 26. Bxc4 Rc8 27. h4 Kf6 28. h5 e5 29. Raa1 Rxb2 30. Bd3 Rc3 31. Rxc3 Bxc3 32. Rb1 a4 33. h6 e4 34. Rxb2 Bxb2 35. Bb1 a3 36. Kf1 Kg6 37. g4 fxg4 38. Bxe4+ Kxh6 39. Bd5 Kg5 40. Ke2 Bd4 41. Bb3 Kf4 42. Bd5 Ke5 43. Bg8 Bb6 44. Bf7 Kd4 45. Bg8 Kc3 46. Be6 Bd4 47. f4 Bc5 48. Bg8 Bd6 49. Ke3 Bc5+ 50. Ke2 Kc2 51. Be6 Kc3 52. Bg8 Bg1 53. f5 Bd4 0-1

[Event "Wijk aan Zee (open)"]
[Site "?"]
[Date "1995.??.??"]
[Round "?"]
[White "Hulak, K."]
[Black "Piket, Je"]
[Result "1-0"]
[WhiteElo "2545"]
[BlackElo "2670"]
[PlyCount "83"]
[EventDate "1995.??.??"]
[Source "ChessBase"]
[SourceDate "1994.10.01"]

1. d4 d5 2. c4 e6 3. Nf3 Nf6 4. Nc3 c6 5. Bg5 dxc4 6. e4 b5 7. a4 Bb7 8. axb5 cxb5 9. Nxb5 Bb4+ 10. Nc3 Bxe4 11. Bxc4 Nc6 12. O-O Bxf3 13. Qxf3 Nxd4 14. Qe3 Nc2 15. Bb5+ Kf8 16. Bxf6 Nxe3 17. Bxd8 Nxf1 18. Bg5 f6 19. Bc1 Nxh2 20. Kxh2 a5 21. Bc4 Ke7 22. Na4 Rhd8 23. Be3 Rac8 24. b3 Rc6 25. Kg3 h6 26. Kf3 f5 27. Ke2 e5 28. Nb2 Bc3 29. Ra2 f4 30. Bc1 Rg6 31. Kf3 e4+ 32. Kxe4 Rxg2 33. Nd3 g5 34. Rc2 Ba1 35. Bd2 Rg1 36. Bxa5 Rd4+ 37. Kf5 f3 38. Bb4+ Ke8 39. Ra2 Rxd3 40. Bxd3 Bd4 41. Ke6 Kd8 42. Bd6 1-0

[Event "Magyarorszag"]
[Site "?"]
[Date "1996.??.??"]
[Round "?"]
[White "Ribli, Z."]
[Black "Chernin, A."]
[Result "1/2-1/2"]
[WhiteElo "2585"]
[BlackElo "2620"]
[PlyCount "99"]
[EventDate "1996.??.??"]
[Source "ChessBase"]
[SourceDate "1996.10.01"]

1. Nf3 d5 2. d4 c6 3. c4 Nf6 4. Nc3 e6 5. Bg5 dxc4 6. e4 b5 7. a4 Bb7 8. axb5 cxb5 9. Nxb5 Bxe4 10. Bxc4 Bb4+ 11. Nc3 O-O 12. O-O Bb7 13. Ne5 a5 14. Rc1 Nc6 15. Bxf6 gxf6 16. Nxc6 Bxc6 17. d5 Bxc3 18. Rxc3 Bxd5 19. Rd3 Qc7 20. Bxd5 exd5 21. Rh3 f5 22. Qxd5 Qf4 23. Qd1 Ra6 24. Qh5 h6 25. Rf3 Qe5 26. Rxf5 Qxb2 27. Rxa5 Rxa5 28. Qxa5 Re8 29. h3 Qd4 30. Qh5 Kg7 31. Rd1 Qf4 32. Qd5 Qg5 33. Qd4+ Qe5 34. Qd2 Re6 35. Kh1 Rg6 36. f3 Qg5 37. Qd4+ Kh7 38. Rg1 Qg3 39. Qd2 Rg5 40. Qd3+ Rg6 41. Qc2 Kg7 42. Rd1 Re6 43. Qc3+ Qe5 44. Qxe5+ Rxe5 45. Kh2 Kg6 46. Rd6+ f6 47. Kg3 Rg5+ 48. Kf2 Ra5 49. g4 h5 50. f4 1/2-1/2

[Event "Groningen"]
[Site "?"]
[Date "1993.??.??"]
[Round "?"]
[White "Lobron, E."]
[Black "Illescas Cordoba, M."]
[Result "1/2-1/2"]
[WhiteElo "2575"]
[BlackElo "2625"]
[PlyCount "101"]
[EventDate "1993.??.??"]
[Source "ChessBase"]
[SourceDate "1994.02.01"]

1. d4 d5 2. c4 c6 3. Nc3 Nf6 4. Nf3 e6 5. Bg5 dxc4 6. e4 b5 7. e5 h6 8. Bh4 g5 9. Nxg5 hxg5 10. Bxg5 Nbd7 11. g3 Qa5 12. exf6 Ba6 13. Be2 O-O-O 14. O-O Nb6 15. Ne4 b4 16. h4 Qf5 17. Bf3 c5 18. a3 Bb7 19. g4 Qh7 20. Nxc5 Bxc5 21. Bxb7+ Kxb7 22. Qf3+ Nd5 23. dxc5 Rdg8 24. Rfd1 Rxg5 25. hxg5 Qh2+ 26. Kf1 Rh3 27. Qg2 Qxg2+ 28. Kxg2 Nf4+ 29. Kg1 Ne2+ 30. Kg2 Nf4+ 31. Kg1 Ne2+ 32. Kf1 Nf4 33. f3 bxa3 34. bxa3 Rxf3+ 35. Ke1 Kc6 36. Kd2 c3+ 37. Kc2 Nd5 38. Re1 Rf2+ 39. Kd3 Kxc5 40. Rac1 Rf3+ 41. Kc2 Rf2+ 42. Kb3 a5 43. g6 Rxf6 44. gxf7 Rxf7 45. Rxe6 Rf4 46. a4 Rxg4 47. Ra6 Rb4+ 48. Ka3 Kc4 49. Rc6+ Kd3 50. Rd1+ Kc2 51. Rxd5 1/2-1/2